Estadísticas para Máximos goleadores de la década 2010's

Haz click aquí para intentar la prueba.

Estadísticas generales

  • Esta prueba ha sido intentada 173 veces
    (169 desde el último reinicio)
  • La puntuación promedio es 15 de 20

Estadísticas de respuestas

Equipo(s)Goleadores% Correcto
Real Madrid, JuventusCristiano Ronaldo
100%
BarcelonaLionel Messi
100%
Liverpool, BarcelonaLuis Suarez
94%
R.MadridKarim Benzema
92%
B.Dortmund, B.MunichRobert Lewandowski
92%
A.Madrid, M.CitySergio Aguero
92%
Milan, Psg, M.United, GalaxyZlatan Ibrahimovic
90%
Napoli, PsgEdison Cavani
89%
R.Madrid, Napoli, Juventus, Milan, ChelseaGonzalo Higuain
82%
Porto, A.Madrid, Monaco, M.United, Chelsea, GalatasarayRadamel Falcao
82%
B.MunichThomas Muller
82%
Real Sociedad, A.Madrid, BarcelonaAntoine Griezmann
80%
Anderlecht, Chelsea, W.Bromwich, Everton, M.United, InterRomelu Lukaku
79%
Monaco, Saint etienne, B.Dortmund, ArsenalAubameyang
70%
Valencia, A.BilbaoAritz Aduriz
69%
Leyton, Millwall, Tottenham, Norwich, LeicesterHarry Kane
66%
Wolfsburgo, M.City, RomaEdin Dzeko
62%
Utrecht, PSV, NapoliDries Mertens
40%
Gremio, Valencia, BenficaJonas
40%
Heerenveen, Wolfsburgo, S.LisboaBas Dost
27%

Distribución de puntuación

Porcentaje por número respondido

Porcentaje de gente con cada puntuación

Historial de tus puntuaciones

No has intentado esta prueba desde el último reinicio